Revista de las obras verificadas en el Arsenal de la Barraca, desde abril de 1858 hasta noviembre del mismo año : (Record no. 158937)

MARC details
000 -LEADER
campo de control de longitud fija 00778nam a22001815i 4500
001 - NÚMERO DE CONTROL
campo de control 158937
003 - IDENTIFICADOR DE NÚMERO DE CONTROL
campo de control ES-MaACL
005 - FECHA Y HORA DE LA ÚLTIMA TRANSACCIÓN
campo de control 20230906211401.0
008 - DATOS DE LONGITUD FIJA--INFORMACIÓN GENERAL
campo de control de longitud fija 040902s1858 sp |||| | spa d
080 ## - NÚMERO DE LA CLASIFICACIÓN DECIMAL UNIVERSAL
Número de la Clasificación Decimal Universal 624(460)
100 1# - ENTRADA PRINCIPAL--NOMBRE DE PERSONA
Nombre de persona Martínez, Rafael.
9 (RLIN) 77800
245 10 - MENCIÓN DEL TÍTULO
Título Revista de las obras verificadas en el Arsenal de la Barraca, desde abril de 1858 hasta noviembre del mismo año :
Resto del título suplemento al periódico El Departamento /
Mención de responsabilidad, etc. [Rafael Martínez].
260 ## - PUBLICACIÓN, DISTRIBUCIÓN, ETC.
Lugar de publicación, distribución, etc. San Fernando :
Nombre del editor, distribuidor, etc. Imp. y librería española, a cargo de Juan Álvarez,
Fecha de publicación, distribución, etc. 1858.
300 ## - DESCRIPCIÓN FÍSICA
Extensión 31 p. ;
Dimensiones 22 cm.
594 ## - Nota al título y mención de responsabilidad
Nota al título y mención de responsabilidad Autor tomado del final de texto.
650 #4 - PUNTO DE ACCESO ADICIONAL DE MATERIA--TÉRMINO DE MATERIA
Término de materia o nombre geográfico como elemento de entrada Ingeniería civil-
Subdivisión geográfica España.
9 (RLIN) 149082
852 4# - LOCALIZACIÓN
Ubicación ES-MaACL
Número de control de estantería T-79-F-3
Nota libre - Enc. hol., falto de cub. original
-- - Enc. en un vol. facticio
Holdings
Estatus retirado Estado de pérdida Estado de daño No para préstamo Colección Biblioteca de origen Biblioteca actual Ubicación en estantería Fecha de adquisición Total de préstamos Signatura topográfica completa Código de barras Visto por última vez Precio de reemplazo Tipo de ítem Koha
        Colección de folletos Biblioteca del Ateneo de Madrid Biblioteca del Ateneo de Madrid Depósito folletos 17/01/2008   T-79-F-3 1166361 23/02/2023 23/02/2023 Folleto